[Event "Victoria Taylor Memorial"]
[Site "Victoria"]
[Date "2005.11.26"]
[Round "2.4"]
[White "Cannon, Farley"]
[Black "Mergal, Primo"]
[Result "1-0"]
[WhiteElo "1557"]
[BlackElo "1493"]
[PlyCount "50"]
[EventDate "2005.11.26"]
[EventType "swiss"]
[EventRounds "4"]
[EventCountry "CAN"]
[SourceTitle "EXT 2022"]
[Source "ChessBase"]
[SourceDate "2021.10.06"]
[SourceVersion "1"]
[SourceVersionDate "2021.10.06"]
[SourceQuality "1"]

1. e4 e5 2. Nf3 Nc6 3. Bc4 h6 4. c3 Nf6 5. d4 exd4 6. 0-0 Bd6 7. cxd4 Nxe4 8. Re1 Qe7 9. Nfd2 f5 10. f3 Qh4 11. Nf1 Qf2+ 12. Kh1 Bb4 13. Nc3 Nxd4 14. Be3 Qxe3 15. Rxe3 Bc5 16. fxe4 Kd8 17. exf5 h5 18. Re4 Nxf5 19. Re5 Nd6 20. Rxc5 b6 21. Bd5 Bb7 22. Bxb7 Nxb7 23. Nb5 d6 24. Qf3 Kd7 25. Qf7+ Kd8 1-0